Memoirs of a Twentieth-Century Army Surgeon (Record no. 924)

000 -LEADER
fixed length control field 00609nam a22002057a 4500
005 - DATE AND TIME OF LATEST TRANSACTION
control field 20210426104316.0
008 - FIXED-LENGTH DATA ELEMENTS--GENERAL INFORMATION
fixed length control field 210121s1992 ||||| |||| 00| 0 eng d
020 ## - INTERNATIONAL STANDARD BOOK NUMBER
International Standard Book Number 089745152X
040 ## - CATALOGING SOURCE
Original cataloging agency eng
Transcribing agency DLC
Modifying agency eng
080 ## - UNIVERSAL DECIMAL CLASSIFICATION NUMBER
Universal Decimal Classification number 92
Item number K-33
100 ## - MAIN ENTRY--PERSONAL NAME
9 (RLIN) 676
Personal name Kendrick, B. Douglas
245 ## - TITLE STATEMENT
Title Memoirs of a Twentieth-Century Army Surgeon
Statement of responsibility, etc. / by: Sunflower University Press
260 ## - PUBLICATION, DISTRIBUTION, ETC.
Place of publication, distribution, etc. Manhattan
Name of publisher, distributor, etc. Sunflower University Press
Date of publication, distribution, etc. 1992
300 ## - PHYSICAL DESCRIPTION
Extent 266 p.
Other physical details ill.
365 ## - TRADE PRICE
Price amount 20 usd
650 #0 - SUBJECT ADDED ENTRY--TOPICAL TERM
9 (RLIN) 237
Topical term or geographic name entry element Biography
653 ## - INDEX TERM--UNCONTROLLED
Uncontrolled term ბიოგრაფია
700 ## - ADDED ENTRY--PERSONAL NAME
9 (RLIN) 677
Personal name Bush, Riley Julie
Relator term Editor
942 ## - ADDED ENTRY ELEMENTS (KOHA)
Source of classification or shelving scheme
Koha item type Books
Holdings
Withdrawn status Lost status Source of classification or shelving scheme Damaged status Not for loan Permanent location Current location Date acquired Inventory number Total Checkouts Full call number Barcode Date last seen Price effective from Koha item type
          Ken Walker International University Ken Walker International University 01/21/2021 2397   92 K-33 2397 01/21/2021 01/21/2021 Books

Powered by Koha